[Event "Muensterland Verbandsliga playoff 1-4"]
[Site "Germany"]
[Date "2023.03.25"]
[Round "1.7"]
[White "Musholt, Joachim"]
[Black "Schemmann, Bernhard"]
[Result "0-1"]
[WhiteElo "1669"]
[BlackElo "1834"]
[PlyCount "66"]
[EventDate "2022.03.25"]
[EventType "team-k.o."]
[EventRounds "2"]
[EventCountry "GER"]
[SourceTitle "EXT 2024"]
[Source "ChessBase"]
[SourceDate "2023.10.10"]
[SourceVersion "1"]
[SourceVersionDate "2023.10.10"]
[SourceQuality "1"]
[WhiteTeam "Suedlohn II"]
[BlackTeam "Beelen"]
[WhiteTeamCountry "GER"]
[BlackTeamCountry "GER"]

1. e4 c6 2. d4 d5 3. Nc3 dxe4 4. Nxe4 Nf6 5. Nxf6+ exf6 6. Bc4 Bd6 7. Qe2+ Be7 8. Be3 0-0 9. 0-0-0 b5 10. Bd3 Be6 11. Kb1 Qd5 12. b3 Qxg2 13. Nf3 Bg4 14. Be4 f5 15. Rdg1 Qxh1 16. Rxh1 fxe4 17. Qd2 Bxf3 18. Rg1 Bh5 19. Bg5 f6 20. Bf4 Rd8 21. Qe3 Bg6 22. Kb2 Bf5 23. f3 Re8 24. h4 Nd7 25. b4 Nb6 26. Kc1 Bxb4 27. Bh6 g6 28. Qf4 Kf7 29. Qc7+ Re7 30. Qxc6 Rc8 31. Qxb5 Ba3+ 32. Kd1 exf3 33. Qb3+ Nc4 0-1

[Event "Muensterland Verbandsliga Gr2 2223"]
[Site "Germany"]
[Date "2022.10.22"]
[Round "2.6"]
[White "Limberg, Thomas"]
[Black "Musholt, Joachim"]
[Result "1/2-1/2"]
[WhiteElo "1763"]
[BlackElo "1686"]
[PlyCount "40"]
[EventDate "2022.09.10"]
[EventType "team-tourn"]
[EventRounds "5"]
[EventCountry "GER"]
[SourceTitle "EXT 2024"]
[Source "ChessBase"]
[SourceDate "2023.10.10"]
[SourceVersion "1"]
[SourceVersionDate "2023.10.10"]
[SourceQuality "1"]
[WhiteTeam "Olfen"]
[BlackTeam "Suedlohn II"]
[WhiteTeamCountry "GER"]
[BlackTeamCountry "GER"]

1. d4 Nf6 2. c4 g6 3. Nc3 Bg7 4. e4 d6 5. Be2 0-0 6. Nf3 e5 7. 0-0 Nc6 8. Be3 Ng4 9. Bg5 f6 10. Bh4 g5 11. Bg3 h5 12. h4 exd4 13. Nxd4 Nxd4 14. Qxd4 f5 15. Qd5+ Kh8 16. Bxg4 hxg4 17. hxg5 Qxg5 18. Rad1 Qh6 19. exf5 Rxf5 20. Qd2 Qxd2 1/2-1/2

[Event "Muensterland Verbandsklasse 1718"]
[Site "Germany"]
[Date "2018.04.28"]
[Round "9.7"]
[White "Pusch, Herbert"]
[Black "Musholt, Joachim"]
[Result "1-0"]
[WhiteElo "1541"]
[BlackElo "1737"]
[PlyCount "69"]
[EventDate "2017.09.16"]
[EventType "team-tourn"]
[EventRounds "9"]
[EventCountry "GER"]
[SourceTitle "EXT 2019"]
[Source "ChessBase"]
[SourceDate "2018.10.10"]
[SourceVersion "1"]
[SourceVersionDate "2018.10.10"]
[SourceQuality "1"]
[WhiteTeam "Stadtlohn"]
[BlackTeam "Suedlohn II"]
[WhiteTeamCountry "GER"]
[BlackTeamCountry "GER"]

1. f4 e5 2. fxe5 d6 3. exd6 Bxd6 4. Nf3 Bg4 5. e3 Nd7 6. Be2 Bxf3 7. Bxf3 Qh4+ 8. g3 Bxg3+ 9. hxg3 Qxg3+ 10. Ke2 0-0-0 11. Qg1 Qe5 12. d4 Qb5+ 13. Kf2 Ngf6 14. Nd2 Rde8 15. Qg2 c6 16. c4 Qf5 17. Qh3 Qd3 18. Be2 Qg6 19. Rg1 Ne4+ 20. Nxe4 Qxe4 21. Qg4 Qe7 22. a3 f5 23. Qxg7 Qh4+ 24. Qg3 Qe4 25. Qf4 Qc2 26. Rg5 Re4 27. Qf3 f4 28. exf4 Rhe8 29. Re5 Nxe5 30. dxe5 Rd8 31. b3 Red4 32. Be3 Rd3 33. Qe4 Qb2 34. Rh1 R8d7 35. e6 1-0

[Event "Muensterland Verbandsklasse 1718"]
[Site "Germany"]
[Date "2018.03.10"]
[Round "7.7"]
[White "Engfer, Klaus"]
[Black "Musholt, Joachim"]
[Result "0-1"]
[WhiteElo "1597"]
[BlackElo "1737"]
[PlyCount "104"]
[EventDate "2017.09.16"]
[EventType "team-tourn"]
[EventRounds "9"]
[EventCountry "GER"]
[SourceTitle "EXT 2019"]
[Source "ChessBase"]
[SourceDate "2018.10.10"]
[SourceVersion "1"]
[SourceVersionDate "2018.10.10"]
[SourceQuality "1"]
[WhiteTeam "Rheine Klein Berlin II"]
[BlackTeam "Suedlohn II"]
[WhiteTeamCountry "GER"]
[BlackTeamCountry "GER"]

1. e4 c5 2. Nf3 d6 3. Bb5+ Bd7 4. Bxd7+ Nxd7 5. 0-0 Ngf6 6. Re1 e6 7. d4 cxd4 8. Nxd4 Be7 9. Nc3 a6 10. Bg5 0-0 11. Nf3 h6 12. Bh4 b5 13. a3 Qc7 14. Bg3 Nh5 15. Qe2 Nxg3 16. hxg3 Rac8 17. e5 dxe5 18. Nxe5 Qxe5 19. Qxe5 Nxe5 20. Rxe5 Bf6 21. Re3 Rfd8 22. Kf1 Rc4 23. Ke2 a5 24. Rd3 Rdc8 25. Rad1 b4 26. axb4 axb4 27. Na4 Rxc2+ 28. R1d2 Kf8 29. Rb3 Rxd2+ 30. Kxd2 Be7 31. Rd3 Rc6 32. b3 Rd6 33. Rxd6 Bxd6 34. Kd3 Ke7 35. Kc4 Kd7 36. Kb5 f5 37. Nc5+ Ke7 38. Kxb4 g5 39. Kc4 Bc7 40. Na6 Bb6 41. f3 Kd6 42. Nb4 h5 43. Nd3 e5 44. Nb4 Bf2 45. g4 hxg4 46. fxg4 f4 47. Nd3 Ba7 48. Nc1 e4 49. Ne2 f3 50. gxf3 exf3 51. Ng3 Ke5 52. Kd3 Kf4 0-1

[Event "Muensterland Verbandsliga 1617"]
[Site "Germany"]
[Date "2017.03.18"]
[Round "8.6"]
[White "Kuhlenbaeumer, Alfred"]
[Black "Musholt, Joachim"]
[Result "1-0"]
[WhiteElo "1885"]
[BlackElo "1677"]
[PlyCount "61"]
[EventDate "2016.09.10"]
[EventType "team"]
[EventRounds "9"]
[EventCountry "GER"]
[SourceTitle "EXT 2018"]
[Source "ChessBase"]
[SourceDate "2017.10.13"]
[SourceVersion "1"]
[SourceVersionDate "2017.10.13"]
[SourceQuality "1"]
[WhiteTeam "Telgte"]
[BlackTeam "Suedlohn II"]
[WhiteTeamCountry "GER"]
[BlackTeamCountry "GER"]

1. e4 c5 2. f4 Nc6 3. Nf3 g6 4. Bb5 a6 5. Bxc6 bxc6 6. 0-0 Bg7 7. Qe2 d6 8. Nc3 Nh6 9. h3 0-0 10. d3 d5 11. Bd2 e6 12. Na4 Qe7 13. c4 d4 14. Ba5 Rb8 15. Bb6 Rxb6 16. Nxb6 f6 17. Na4 e5 18. Qd2 Re8 19. fxe5 fxe5 20. Qa5 Bf8 21. Rf2 g5 22. Qd2 g4 23. Ng5 Qg7 24. Raf1 Be7 25. h4 g3 26. Rf3 Ng4 27. Rxg3 h6 28. Nf3 Kh7 29. Qe2 Rf8 30. b3 Qf7 31. Nh2 1-0

[Event "Muensterland Verbandsliga 1617"]
[Site "Germany"]
[Date "2016.11.26"]
[Round "4.4"]
[White "Busswolder, Peter"]
[Black "Musholt, Joachim"]
[Result "1/2-1/2"]
[WhiteElo "1734"]
[BlackElo "1677"]
[PlyCount "42"]
[EventDate "2016.09.10"]
[EventType "team"]
[EventRounds "9"]
[EventCountry "GER"]
[SourceTitle "EXT 2018"]
[Source "ChessBase"]
[SourceDate "2017.10.13"]
[SourceVersion "1"]
[SourceVersionDate "2017.10.13"]
[SourceQuality "1"]
[WhiteTeam "Stadtlohn"]
[BlackTeam "Suedlohn II"]
[WhiteTeamCountry "GER"]
[BlackTeamCountry "GER"]

1. d4 Nf6 2. c4 g6 3. Nc3 Bg7 4. e4 d6 5. Bd3 0-0 6. Nge2 Nc6 7. 0-0 e5 8. d5 Ne7 9. f4 exf4 10. Bxf4 Ng4 11. Qd2 Ne5 12. Rae1 f5 13. b3 Nxd3 14. Qxd3 fxe4 15. Nxe4 Bf5 16. N2g3 Qd7 17. Nxf5 Nxf5 18. Ng5 Nd4 19. Re4 h6 20. Ne6 Nxe6 21. Rxe6 g5 1/2-1/2

[Event "Muensterland Verbandsliga 1617"]
[Site "Germany"]
[Date "2016.10.01"]
[Round "2.5"]
[White "Musholt, Joachim"]
[Black "Theissen, Frank"]
[Result "1-0"]
[WhiteElo "1677"]
[BlackElo "1765"]
[PlyCount "69"]
[EventDate "2016.09.10"]
[EventType "team"]
[EventRounds "9"]
[EventCountry "GER"]
[SourceTitle "EXT 2018"]
[Source "ChessBase"]
[SourceDate "2017.10.13"]
[SourceVersion "1"]
[SourceVersionDate "2017.10.13"]
[SourceQuality "1"]
[WhiteTeam "Suedlohn II"]
[BlackTeam "Borken"]
[WhiteTeamCountry "GER"]
[BlackTeamCountry "GER"]

1. e4 e6 2. d4 d5 3. Nc3 dxe4 4. Nxe4 Bd7 5. Nf3 Bc6 6. Bd3 Nd7 7. Qe2 Ngf6 8. Bd2 Nxe4 9. Bxe4 Bxe4 10. Qxe4 c6 11. 0-0-0 Nf6 12. Qe2 Qd5 13. c4 Qe4 14. Rhe1 Qxe2 15. Rxe2 Be7 16. Bc3 0-0-0 17. Ne5 Rhf8 18. b4 Kc7 19. Kc2 b5 20. a4 bxc4 21. b5 Nd5 22. Ba5+ Nb6 23. Nxc6 Rd7 24. Nxe7 Rxe7 25. Bb4 Rfe8 26. Bxe7 Rxe7 27. d5 Nc8 28. dxe6 Rxe6 29. Rxe6 fxe6 30. Kc3 Nd6 31. Re1 Kd7 32. Kb4 h6 33. h4 Nf5 34. h5 Nd4 35. Kxc4 1-0

[Event "Muensterland Verbandsklasse 1415"]
[Site "Germany"]
[Date "2015.02.07"]
[Round "6.6"]
[White "Mast, Holger"]
[Black "Musholt, Joachim"]
[Result "0-1"]
[WhiteElo "1691"]
[BlackElo "1684"]
[PlyCount "66"]
[EventDate "2014.09.13"]
[EventType "team-tourn"]
[EventRounds "9"]
[EventCountry "GER"]
[SourceTitle "EXT 2016"]
[Source "ChessBase"]
[SourceDate "2015.10.08"]
[SourceVersion "1"]
[SourceVersionDate "2015.10.08"]
[SourceQuality "1"]
[WhiteTeam "Ahaus Wessum II"]
[BlackTeam "Suedlohn II"]
[WhiteTeamCountry "GER"]
[BlackTeamCountry "GER"]

1. e4 c5 2. Nf3 Nc6 3. d4 cxd4 4. Nxd4 Nf6 5. Nc3 e5 6. Nxc6 bxc6 7. Bg5 h6 8. Bh4 Rb8 9. Rb1 Bb4 10. Bd3 0-0 11. 0-0 Be7 12. Qe2 d6 13. h3 Be6 14. b3 Qc7 15. Rfe1 Kh8 16. Rbd1 Rbd8 17. Kh1 Qc8 18. Bxf6 Bxf6 19. Qe3 Rd7 20. Ne2 g5 21. Qf3 Bg7 22. Ng3 Rdd8 23. Nf5 Bxf5 24. exf5 f6 25. h4 d5 26. Qh3 Qc7 27. Re3 e4 28. Be2 Qf4 29. Qg3 Qxf5 30. Bg4 Qf4 31. Qxf4 gxf4 32. Rc3 f5 33. Be2 Bxc3 0-1

[Event "Muensterland Verbandsklasse-B 1213"]
[Site "Germany"]
[Date "2013.04.20"]
[Round "8.5"]
[White "Brinkmann, Franz Josef"]
[Black "Musholt, Joachim"]
[Result "1-0"]
[WhiteElo "1697"]
[BlackElo "1699"]
[PlyCount "65"]
[EventDate "2012.09.15"]
[EventType "team-tourn"]
[EventRounds "9"]
[EventCountry "GER"]
[SourceTitle "EXT 2015"]
[Source "ChessBase"]
[SourceDate "2014.11.20"]
[SourceVersion "1"]
[SourceVersionDate "2014.11.20"]
[SourceQuality "1"]
[WhiteTeam "Rheine Klein Berlin II"]
[BlackTeam "Suedlohn II"]
[WhiteTeamCountry "GER"]
[BlackTeamCountry "GER"]

1. e4 c5 2. Nf3 Nc6 3. d4 cxd4 4. Nxd4 Nf6 5. Nc3 e5 6. Ndb5 d6 7. Nd5 Nxd5 8. exd5 Ne7 9. c4 a6 10. Qa4 axb5 11. Qxa8 Nf5 12. cxb5 Be7 13. Bd2 0-0 14. Rc1 b6 15. Bd3 Nd4 16. Qa4 Bg5 17. Qd1 Bxd2+ 18. Qxd2 f5 19. 0-0 f4 20. f3 Bd7 21. Qb4 Rf6 22. Rfd1 Rh6 23. Bf1 Nf5 24. Qe1 Qe8 25. Rc7 Ne3 26. Rdc1 Rg6 27. R1c3 Nxf1 28. Kxf1 Bxb5+ 29. Kf2 Bd7 30. Qc1 Rxg2+ 31. Kxg2 Qg6+ 32. Kh1 Bh3 33. Qg1 1-0

[Event "Muensterland Verbandsklasse-B 1213"]
[Site "Germany"]
[Date "2013.02.23"]
[Round "6.5"]
[White "Rickert, Berthold"]
[Black "Musholt, Joachim"]
[Result "1-0"]
[WhiteElo "1802"]
[BlackElo "1699"]
[PlyCount "61"]
[EventDate "2012.09.15"]
[EventType "team-tourn"]
[EventRounds "9"]
[EventCountry "GER"]
[SourceTitle "EXT 2015"]
[Source "ChessBase"]
[SourceDate "2014.11.20"]
[SourceVersion "1"]
[SourceVersionDate "2014.11.20"]
[SourceQuality "1"]
[WhiteTeam "Borken"]
[BlackTeam "Suedlohn II"]
[WhiteTeamCountry "GER"]
[BlackTeamCountry "GER"]

1. c4 e5 2. Nc3 Nf6 3. g3 d5 4. cxd5 Nxd5 5. Bg2 Nb6 6. d3 Be7 7. Nf3 Nc6 8. 0-0 0-0 9. a3 a5 10. Be3 Be6 11. Ne4 Nd5 12. Bc5 f5 13. Bxe7 Qxe7 14. Neg5 Nf6 15. Nxe6 Qxe6 16. Ng5 Qd7 17. Qb3+ Kh8 18. Bxc6 bxc6 19. Rac1 Rae8 20. Qc3 h6 21. Nf3 e4 22. Ne5 Qe6 23. Ng6+ Kh7 24. Nxf8+ Rxf8 25. Qxc6 Qf7 26. Qxc7 Qh5 27. f3 Qh3 28. Rf2 Nh5 29. Rg2 f4 30. g4 exf3 31. exf3 1-0

[Event "Muensterland Verbandsklasse-B 1213"]
[Site "Germany"]
[Date "2013.01.26"]
[Round "5.4"]
[White "Hiller, Simon"]
[Black "Musholt, Joachim"]
[Result "1-0"]
[WhiteElo "1935"]
[BlackElo "1699"]
[PlyCount "69"]
[EventDate "2012.09.15"]
[EventType "team-tourn"]
[EventRounds "9"]
[EventCountry "GER"]
[SourceTitle "EXT 2015"]
[Source "ChessBase"]
[SourceDate "2014.11.20"]
[SourceVersion "1"]
[SourceVersionDate "2014.11.20"]
[SourceQuality "1"]
[WhiteTeam "Emsdetten Rochade"]
[BlackTeam "Suedlohn II"]
[WhiteTeamCountry "GER"]
[BlackTeamCountry "GER"]

1. Nf3 d5 2. g3 Bg4 3. Ne5 Bh5 4. d4 Nd7 5. Bg2 c6 6. 0-0 f6 7. Nxd7 Qxd7 8. c4 Bf7 9. cxd5 cxd5 10. Nc3 e6 11. Bf4 g5 12. Bd2 Ne7 13. Re1 Bg7 14. e4 0-0 15. e5 fxe5 16. dxe5 h6 17. Qb3 Bg6 18. Rad1 Nc6 19. Qa4 a6 20. Be3 b5 21. Qb3 Kh7 22. Bc5 Rfc8 23. Bh3 Qe8 24. Nxd5 exd5 25. Bxc8 Rxc8 26. Qxd5 Rd8 27. Bd6 Nxe5 28. f4 Rxd6 29. Qxd6 Nf3+ 30. Kf2 Nxe1 31. Rxe1 Qc8 32. fxg5 hxg5 33. Qd5 Qg4 34. h3 Bd4+ 35. Kg2 1-0

[Event "Muensterland Verbandsklasse-B 1213"]
[Site "Germany"]
[Date "2012.10.20"]
[Round "2.6"]
[White "Musholt, Joachim"]
[Black "Schley, Robert"]
[Result "1-0"]
[WhiteElo "1699"]
[BlackElo "1556"]
[PlyCount "65"]
[EventDate "2012.09.15"]
[EventType "team-tourn"]
[EventRounds "9"]
[EventCountry "GER"]
[SourceTitle "EXT 2015"]
[Source "ChessBase"]
[SourceDate "2014.11.20"]
[SourceVersion "1"]
[SourceVersionDate "2014.11.20"]
[SourceQuality "1"]
[WhiteTeam "Suedlohn II"]
[BlackTeam "Stadtlohn"]
[WhiteTeamCountry "GER"]
[BlackTeamCountry "GER"]

1. e4 e5 2. Nf3 Nc6 3. Bb5 a6 4. Ba4 d6 5. c4 Bd7 6. 0-0 Nf6 7. Nc3 Be7 8. d3 0-0 9. Be3 h6 10. h3 Nh7 11. d4 Nxd4 12. Nxd4 Bxa4 13. Qxa4 exd4 14. Bxd4 Bf6 15. Rad1 Qe8 16. Qc2 Qc6 17. Nd5 Bd8 18. f4 f6 19. Rf3 Re8 20. Rc3 b6 21. b4 Qb7 22. c5 dxc5 23. bxc5 c6 24. Nxb6 Bxb6 25. cxb6 c5 26. Qb3+ Kh8 27. Rxc5 Qxe4 28. Rc7 Rab8 29. Qf7 Rg8 30. b7 Qxf4 31. Ba7 Qg3 32. Bxb8 Ng5 33. Qxg8+ 1-0

[Event "Muensterland Verbandsklasse-A 1112"]
[Site "Germany"]
[Date "2012.01.14"]
[Round "5.3"]
[White "Steffens, Gerd"]
[Black "Musholt, Joachim"]
[Result "1-0"]
[WhiteElo "1812"]
[BlackElo "1702"]
[PlyCount "67"]
[EventDate "2011.09.17"]
[EventType "team-tourn"]
[EventRounds "9"]
[EventCountry "GER"]
[SourceTitle "EXT 2013"]
[Source "ChessBase"]
[SourceDate "2012.11.22"]
[SourceVersion "1"]
[SourceVersionDate "2012.11.22"]
[SourceQuality "1"]
[WhiteTeam "Olfen"]
[BlackTeam "Suedlohn II"]
[WhiteTeamCountry "GER"]
[BlackTeamCountry "GER"]

1. e4 c5 2. Nc3 Nc6 3. f4 g6 4. Nf3 Bg7 5. Bc4 e6 6. f5 Nge7 7. fxe6 fxe6 8. 0-0 0-0 9. d3 d5 10. Bb3 b5 11. exd5 exd5 12. Nxb5 Qb6 13. c4 Bg4 14. h3 Bxf3 15. Rxf3 Ne5 16. Rxf8+ Rxf8 17. Bg5 Nf5 18. Nc3 dxc4 19. dxc4 Nd4 20. Be7 Rf7 21. Na4 Qe6 22. Bxc5 Nef3+ 23. Kh1 Ne2 24. Bd6 Qe3 25. c5 Be5 26. Bxf7+ Kg7 27. Bxe5+ Qxe5 28. gxf3 Qe3 29. Bd5 Ng3+ 30. Kg2 Ne2 31. Be4 Nf4+ 32. Kf1 Kh6 33. Nc3 Kh5 34. Qd7 1-0

[Event "Muensterland Verbandsklasse-A 1112"]
[Site "Germany"]
[Date "2011.10.08"]
[Round "2.4"]
[White "Luecke, Thomas"]
[Black "Musholt, Joachim"]
[Result "1-0"]
[WhiteElo "1883"]
[BlackElo "1702"]
[PlyCount "89"]
[EventDate "2011.09.17"]
[EventType "team-tourn"]
[EventRounds "9"]
[EventCountry "GER"]
[SourceTitle "EXT 2013"]
[Source "ChessBase"]
[SourceDate "2012.11.22"]
[SourceVersion "1"]
[SourceVersionDate "2012.11.22"]
[SourceQuality "1"]
[WhiteTeam "Emsdetten Rochade"]
[BlackTeam "Suedlohn II"]
[WhiteTeamCountry "GER"]
[BlackTeamCountry "GER"]

1. e4 c5 2. Nf3 Nc6 3. d4 cxd4 4. Nxd4 Nf6 5. Nc3 e5 6. Ndb5 d6 7. Bg5 a6 8. Na3 b5 9. Nd5 Be7 10. Bxf6 Bxf6 11. c3 0-0 12. Nc2 Rb8 13. Be2 Bg5 14. Nce3 Be6 15. 0-0 Bxd5 16. Nxd5 Rb7 17. a4 Qb8 18. axb5 axb5 19. Ra6 Nd8 20. Nb4 Be7 21. Qd5 Ne6 22. Nc6 Nf4 23. Nxb8 Nxd5 24. Nc6 Nf4 25. Nxe7+ Rxe7 26. Bxb5 d5 27. g3 Rb7 28. Ra5 Rfb8 29. Rfa1 Ng6 30. Bc6 Rxb2 31. Bxd5 Kf8 32. Ra8 Ne7 33. Rxb8+ Rxb8 34. c4 Rc8 35. Rc1 Rc5 36. Kf1 Nc8 37. Ke2 Nd6 38. Kd2 f5 39. f3 g5 40. Kc3 fxe4 41. fxe4 Rc7 42. Kb4 Ke7 43. c5 Ne8 44. Rf1 Nf6 45. Rf5 1-0

[Event "Muensterland Verbandsklasse-A 1011"]
[Site "Germany"]
[Date "2011.03.12"]
[Round "8.4"]
[White "Rudde, Simon"]
[Black "Musholt, Joachim"]
[Result "1/2-1/2"]
[WhiteElo "1711"]
[BlackElo "1720"]
[PlyCount "39"]
[EventDate "2010.09.18"]
[EventType "team-tourn"]
[EventRounds "9"]
[EventCountry "GER"]
[SourceTitle "EXT 2012"]
[Source "ChessBase"]
[SourceDate "2011.11.24"]
[SourceVersion "1"]
[SourceVersionDate "2011.11.24"]
[SourceQuality "1"]
[WhiteTeam "Ahaus Wessum II"]
[BlackTeam "Suedlohn II"]
[WhiteTeamCountry "GER"]
[BlackTeamCountry "GER"]

1. e4 c5 2. Nf3 Nc6 3. d4 cxd4 4. Nxd4 Nf6 5. Nc3 e5 6. Ndb5 d6 7. Bg5 a6 8. Na3 b5 9. Nd5 Be7 10. Bxf6 Bxf6 11. c3 Bg5 12. Nc2 0-0 13. Be2 Ne7 14. Nce3 Bxe3 15. Nxe3 Bb7 16. Bd3 Kh8 17. 0-0 f5 18. exf5 e4 19. Bc2 d5 20. Bb3 1/2-1/2

[Event "Muensterland Verbandsklasse-A 1011"]
[Site "Germany"]
[Date "2010.10.09"]
[Round "2.3"]
[White "Musholt, Joachim"]
[Black "Boesel, Alexander"]
[Result "1/2-1/2"]
[WhiteElo "1720"]
[BlackElo "1890"]
[PlyCount "82"]
[EventDate "2010.09.18"]
[EventType "team-tourn"]
[EventRounds "9"]
[EventCountry "GER"]
[SourceTitle "EXT 2012"]
[Source "ChessBase"]
[SourceDate "2011.11.24"]
[SourceVersion "1"]
[SourceVersionDate "2011.11.24"]
[SourceQuality "1"]
[WhiteTeam "Suedlohn II"]
[BlackTeam "Olfen"]
[WhiteTeamCountry "GER"]
[BlackTeamCountry "GER"]

1. e4 c5 2. Nf3 d6 3. d4 cxd4 4. Nxd4 Nf6 5. Nc3 g6 6. f3 Bg7 7. Be3 0-0 8. Qd2 Nc6 9. Bc4 Bd7 10. 0-0-0 Ne5 11. Bb3 Qa5 12. Kb1 Rfc8 13. Nd5 Qxd2 14. Nxf6+ Bxf6 15. Rxd2 Nc4 16. Bxc4 Rxc4 17. g4 b5 18. h4 a5 19. Ne2 b4 20. Bg5 Bxg5 21. hxg5 Rc5 22. Nf4 Kg7 23. Nd5 Re8 24. Rdh2 Rh8 25. Nxe7 Rxg5 26. Rd2 Re8 27. Nd5 h5 28. gxh5 gxh5 29. Nf4 h4 30. Rxd6 Bc8 31. a3 bxa3 32. bxa3 Rh8 33. Rd2 h3 34. Kc1 Rg3 35. Rf2 Kf6 36. Kd2 Ke5 37. Ke3 Kd6 38. Kd4 Bb7 39. Ke3 Kc5 40. Rfh2 Bc8 41. Rd1 Be6 1/2-1/2

[Event "Muensterland Verbandsklasse-B 0910"]
[Site "Germany"]
[Date "2010.01.30"]
[Round "6.3"]
[White "Musholt, Joachim"]
[Black "Ter Horst, Carsten"]
[Result "0-1"]
[WhiteElo "1808"]
[BlackElo "1861"]
[PlyCount "104"]
[EventDate "2009.09.19"]
[EventType "team-tourn"]
[EventRounds "9"]
[EventCountry "GER"]
[SourceTitle "EXT 2011"]
[Source "ChessBase"]
[SourceDate "2010.11.26"]
[SourceVersion "1"]
[SourceVersionDate "2010.11.26"]
[SourceQuality "1"]
[WhiteTeam "Suedlohn II"]
[BlackTeam "Stadtlohn"]
[WhiteTeamCountry "GER"]
[BlackTeamCountry "GER"]

1. d4 d5 2. Nf3 Nf6 3. c4 dxc4 4. Nc3 Nd5 5. e4 Nb6 6. Ne5 Nc6 7. Nxc6 bxc6 8. Be3 g6 9. Be2 Bg7 10. 0-0 0-0 11. Rc1 f5 12. f4 Be6 13. Kh1 Qd7 14. Qd2 Rfd8 15. Rfd1 Rab8 16. Bf3 fxe4 17. Nxe4 Bd5 18. Nc5 Qf5 19. Qe2 h5 20. Na6 Rb7 21. Nc5 Rbb8 22. Na6 Rbc8 23. Nc5 Bh6 24. g3 Kh7 25. Kg2 h4 26. Rc3 Nd7 27. Nb7 Rf8 28. Bc1 e6 29. Ra3 Qg4 30. Re1 hxg3 31. hxg3 Qf5 32. Rh1 Kg7 33. g4 Qxg4+ 34. Kf2 Qxf3+ 35. Qxf3 Bxf3 36. Kxf3 g5 37. Kg2 gxf4 38. Kf3 Nf6 39. Nc5 Rce8 40. Ke2 e5 41. Rah3 exd4+ 42. Kf3 Ng8 43. Rg1+ Kf6 44. Rxg8 Rxg8 45. Rxh6+ Rg6 46. Nd7+ Kg7 47. Rxg6+ Kxg6 48. Kxf4 c3 49. Ne5+ Kf6 50. Nxc6 Rh8 51. bxc3 dxc3 52. Ke4 Rh1 0-1

[Event "Muensterland-ch"]
[Site "Saerbeck"]
[Date "2008.03.23"]
[Round "5.5"]
[White "Hegemann, Eike"]
[Black "Musholt, Joachim"]
[Result "1-0"]
[WhiteElo "2106"]
[BlackElo "1919"]
[PlyCount "49"]
[EventDate "2008.03.21"]
[EventType "swiss"]
[EventRounds "5"]
[EventCountry "GER"]
[SourceTitle "EXT 2009"]
[Source "ChessBase"]
[SourceDate "2008.11.26"]
[SourceVersion "1"]
[SourceVersionDate "2008.11.26"]
[SourceQuality "1"]

1. e4 c5 2. Nf3 Nc6 3. Bb5 Nd4 4. Nxd4 cxd4 5. c3 Qb6 6. a4 e5 7. 0-0 a6 8. Bc4 Nf6 9. a5 Qc7 10. Qb3 d5 11. exd5 Bd6 12. d3 0-0 13. Nd2 e4 14. dxe4 Bxh2+ 15. Kh1 Bg4 16. cxd4 Rae8 17. e5 Bxe5 18. dxe5 Rxe5 19. Qg3 Rfe8 20. b3 Qd7 21. Bb2 Nh5 22. Qxe5 Rxe5 23. Bxe5 Qf5 24. Rae1 Qg5 25. Re3 1-0

[Event "Muensterland-ch"]
[Site "Saerbeck"]
[Date "2008.03.22"]
[Round "3.5"]
[White "Musholt, Joachim"]
[Black "Meyer, Ulrich"]
[Result "0-1"]
[WhiteElo "1919"]
[BlackElo "2124"]
[PlyCount "126"]
[EventDate "2008.03.21"]
[EventType "swiss"]
[EventRounds "5"]
[EventCountry "GER"]
[SourceTitle "EXT 2009"]
[Source "ChessBase"]
[SourceDate "2008.11.26"]
[SourceVersion "1"]
[SourceVersionDate "2008.11.26"]
[SourceQuality "1"]

1. e4 c5 2. Nf3 Nf6 3. e5 Nd5 4. d4 cxd4 5. Qxd4 e6 6. Bc4 Nc6 7. Qe4 f5 8. Qe2 Nb6 9. Bb3 Na5 10. 0-0 Be7 11. Nbd2 Qc7 12. Re1 0-0 13. Nf1 a6 14. Bd2 Nbc4 15. Bc3 b5 16. N1d2 Bb7 17. Bxc4 Nxc4 18. Nxc4 Bxf3 19. Qxf3 Qxc4 20. Qd3 Qxd3 21. cxd3 Rfc8 22. Rac1 Bg5 23. Rcd1 a5 24. a3 Be7 25. g3 b4 26. axb4 axb4 27. Bd4 Bc5 28. Bxc5 Rxc5 29. Re2 Rac8 30. f4 Kf7 31. Kf2 h6 32. h4 Rc2 33. Rdd2 b3 34. Ke3 Ke7 35. d4 d5 36. Rd3 Rb8 37. Rdd2 Rc1 38. Kf2 Kd7 39. Re1 Rc2 40. Ree2 Rc4 41. h5 Kc6 42. Ke3 Kb5 43. g4 Rf8 44. Rg2 Rc1 45. gxf5 Rxf5 46. Rxg7 Rxh5 47. f5 exf5 48. e6 Re1+ 49. Re2 Rxe2+ 50. Kxe2 Kc6 51. Rg3 Rh2+ 52. Kd3 Kd6 53. Re3 Ke7 54. Kc3 Rh4 55. Kxb3 Rxd4 56. Re5 f4 57. Kc3 Re4 58. Rxd5 Rxe6 59. Rf5 Rf6 60. Rxf6 Kxf6 61. b4 h5 62. Kd3 h4 63. Ke2 Ke5 0-1

[Event "Muensterland Verbandsklasse-B 0708"]
[Site "Germany"]
[Date "2008.02.16"]
[Round "6.2"]
[White "Zachej, Arne"]
[Black "Musholt, Joachim"]
[Result "1-0"]
[WhiteElo "1895"]
[BlackElo "1859"]
[PlyCount "73"]
[EventDate "2007.09.15"]
[EventType "team-tourn"]
[EventRounds "9"]
[EventCountry "GER"]
[SourceTitle "EXT 2009"]
[Source "ChessBase"]
[SourceDate "2008.11.26"]
[SourceVersion "1"]
[SourceVersionDate "2008.11.26"]
[SourceQuality "1"]
[WhiteTeam "Metelen"]
[BlackTeam "Suedlohn II"]
[WhiteTeamCountry "GER"]
[BlackTeamCountry "GER"]

1. d4 Nf6 2. Nf3 d5 3. c4 c6 4. Nc3 Bf5 5. Bf4 e6 6. e3 Nh5 7. Be5 Nf6 8. Be2 Nbd7 9. 0-0 Nxe5 10. dxe5 Nd7 11. cxd5 exd5 12. Nd4 Bg6 13. f4 Be4 14. Nxe4 dxe4 15. Qc2 Qb6 16. Qxe4 0-0-0 17. Rfc1 Kb8 18. Bc4 Nc5 19. Qf3 Ne6 20. Bxe6 fxe6 21. Nxe6 Rd2 22. Rd1 Bb4 23. a3 Rxd1+ 24. Rxd1 Bc5 25. Nxc5 Qxc5 26. Qe4 a6 27. Qd4 Qxd4 28. exd4 Kc7 29. Kf2 Rd8 30. Ke3 g6 31. Ke4 Rf8 32. Rd3 a5 33. Rh3 Rf7 34. g4 b5 35. f5 gxf5+ 36. gxf5 Rg7 37. Rg3 1-0